000 00416cam a22001217a 4500
008 180718b2012 xxu||||| |||| 00| 0 eng d
082 _aA38 Ag15/H
100 _aAgrawal, Padamchandra
245 _aAdhunik hindi kavita ki darshnik prishthabhoomi: Bharatendu se lekar San 1965 tak
_cby Padama Chandra Agarwal
260 _aGhaziabad
_bSapeksh
_c2012
300 _a238p.
650 _aHindi poetry -- History and criticism
999 _c502743
_d502743